<?xml version="1.0" encoding="UTF-8"?><?xml-stylesheet type="text/xsl" href="static/style.xsl"?><OAI-PMH xmlns="http://www.openarchives.org/OAI/2.0/" xmlns:xsi="http://www.w3.org/2001/XMLSchema-instance" xsi:schemaLocation="http://www.openarchives.org/OAI/2.0/ http://www.openarchives.org/OAI/2.0/OAI-PMH.xsd"><responseDate>2026-04-30T00:19:49Z</responseDate><request verb="GetRecord" identifier="oai:uvadoc.uva.es:10324/32509" metadataPrefix="marc">https://uvadoc.uva.es/oai/request</request><GetRecord><record><header><identifier>oai:uvadoc.uva.es:10324/32509</identifier><datestamp>2021-06-29T22:26:30Z</datestamp><setSpec>com_10324_38</setSpec><setSpec>col_10324_852</setSpec></header><metadata><record xmlns="http://www.loc.gov/MARC21/slim" xmlns:doc="http://www.lyncode.com/xoai" xmlns:xsi="http://www.w3.org/2001/XMLSchema-instance" xmlns:dcterms="http://purl.org/dc/terms/" xsi:schemaLocation="http://www.loc.gov/MARC21/slim http://www.loc.gov/standards/marcxml/schema/MARC21slim.xsd">
<leader>00925njm 22002777a 4500</leader>
<datafield tag="042" ind1=" " ind2=" ">
<subfield code="a">dc</subfield>
</datafield>
<datafield tag="720" ind1=" " ind2=" ">
<subfield code="a">Morante Martín, Cristina</subfield>
<subfield code="e">author</subfield>
</datafield>
<datafield tag="260" ind1=" " ind2=" ">
<subfield code="c">2018</subfield>
</datafield>
<datafield tag="520" ind1=" " ind2=" ">
<subfield code="a">El siguiente Trabajo Fin de Grado del título de Educación Social de la Universidad de Valladolid, analiza y da respuesta, mediante el diseño de un Programa de Intervención Socio-educativa, a los factores de desprotección que presentan aquellos núcleos familiares que, por el incumplimiento de los derechos básicos de los que debe gozar una menor, han sido suspendidos de la tutela y guarda y custodia de sus hijos e/o hijas. Concretamente, la tutela es asumida por la Administración Pública correspondiente, esta es, el Servicio de Protección a la Infancia. Los beneficiarios de esta intervención serán tanto las menores, como las progenitoras no custodias derivadas a los Puntos de Encuentro Familiar. El principal objetivo es detectar las necesidades que presentan durante sus encuentros, dar respuesta y servir de apoyo en el proceso hacia la reunificación familiar. Todo ello se plantea de forma lúdica, a través de la dinamización de estas visitas, de manera que se trabaje transversalmente los problemas que presenta cada familia, mejorando así sus relaciones y llegando a la reunificación siempre y cuando sea posible.</subfield>
</datafield>
<datafield tag="024" ind2=" " ind1="8">
<subfield code="a">http://uvadoc.uva.es/handle/10324/32509</subfield>
</datafield>
<datafield tag="245" ind1="0" ind2="0">
<subfield code="a">Programa de Intervención Socio-educativa en los Puntos de Encuentro Familiar</subfield>
</datafield>
</record></metadata></record></GetRecord></OAI-PMH>